01168na a2200241 450000100060000000300080000600500170001400800410003103500100007204000250008208200260010710000240013324502630015724601650042024600580058526000660064330000330070950400290074260000400077165000360081165000490084765100300089614816MIRAKIL20181213154752.0160901b tu 000 0  a14816 aMilasbturcTR-AnCHP aATA 940.54bS65i 2012 aSommerville, Donald aII. Dünya Savaşıb500'ü aşkın fotoğraf, harita ve savaş planıbtarihin en korkunç savaşlarından birinin, belirleyici çarpışmaların ve önemli antlaşmaların analiziyle birlikte çarpıcı ve detaylı anlatımcDonald Sommerville atarihin en korkunç savaşlarından birinin, belirleyici çarpışmaların ve önemli antlaşmaların analiziyle birlikte çarpıcı ve detaylı anlatım a500'ü aşkın fotoğraf, harita ve savaş planı a[y. y.]bTürkiye iş bankası kültür yayınlarıc2012 a256 s.bfotg. ; hrt.c29 sm. aKaynakça ve dizin var. aAtatürk, Mustafa Kemald1881-1938 aAskeri tarihxResimli yapıtlar aII. Dünya Savaşı (1939-1945)y1939-1945 aAvrupaxResimli yapıtlar